[Event "IX Weekend A"]
[Site "Catania ITA"]
[Date "2005.02.13"]
[Round "2"]
[White "Sardo, Gabriele"]
[Black "Tomaselli, Maurizio"]
[Result "1-0"]
[WhiteElo "2188"]
[BlackElo "2052"]
[PlyCount "98"]
[EventDate "2005.02.12"]

1. e4 e5 2. Nf3 Nc6 3. Bb5 f5 4. Nc3 fxe4 5. Nxe4 d5 6. Nxe5 dxe4 7. Nxc6 Qg5
8. Qe2 Nf6 9. f4 Qxf4 10. d4 Qh4+ 11. g3 Qh3 12. Ne5+ c6 13. Bc4 Be6 14. Bf4
O-O-O 15. O-O-O Bd6 16. Rhf1 h6 17. Nf7 Bxf7 18. Bxf7 Rhf8 19. Bg6 Qe6 20. Bxd6
Qxd6 21. Bxe4 Rde8 22. Bf5+ Kc7 23. Qd2 Nd5 24. Bh3 Ne3 25. Rxf8 Qxf8 26. Re1
Qe7 27. Qa5+ Kb8 28. Qh5 Kc7 29. Bf5 Rf8 30. Bd3 Kd7 31. Qa5 Rf2 32. d5 cxd5
33. Bb5+ Kc8 34. Qc3+ Kd8 35. Qxe3 Qxe3+ 36. Rxe3 Rxh2 37. g4 Rg2 38. Be2 Kd7
39. Bf3 Rg3 40. Rd3 Ke7 41. Kd2 b6 42. Ke2 Rh3 43. Kf2 Rh2+ 44. Bg2 g5 45. Rxd5
Rh4 46. Kg3 h5 47. Rxg5 Rxg4+ 48. Rxg4 hxg4 49. Kxg4 Kd6 1-0

[Event "IX Weekend A"]
[Site "Catania ITA"]
[Date "2005.02.13"]
[Round "2"]
[White "Seminara, Antonio"]
[Black "Russo, Alfio"]
[Result "1-0"]
[WhiteElo "1884"]
[BlackElo "1962"]
[PlyCount "59"]
[EventDate "2005.02.12"]

1. d4 Nf6 2. Bg5 g6 3. Nc3 Bg7 4. e4 O-O 5. Qd2 d5 6. e5 Ne8 7. Be2 f6 8. Bh6
f5 9. h4 Nc6 10. h5 e6 11. hxg6 hxg6 12. Nf3 Qe7 13. O-O-O Nd8 14. Bxg7 Qxg7
15. Ng5 Nf7 16. Rh7 Qxh7 17. Nxh7 Kxh7 18. Rh1+ Kg7 19. g4 Rh8 20. Rxh8 Kxh8
21. gxf5 gxf5 22. Bh5 Kg7 23. Qe3 Kf8 24. Qg3 Ng7 25. Bxf7 Kxf7 26. Qh4 Ne8 27.
Ne2 a5 28. Nf4 Ra6 29. Qh7+ Ng7 30. Nh5 1-0

[Event "IX Weekend A"]
[Site "Catania ITA"]
[Date "2005.02.13"]
[Round "3"]
[White "Avola, Salvatore"]
[Black "Rosolia, Giuseppe"]
[Result "1-0"]
[WhiteElo "1957"]
[BlackElo "1846"]
[PlyCount "83"]
[EventDate "2005.02.12"]

1. e4 e5 2. Nf3 d6 3. d4 Nd7 4. Be3 Be7 5. d5 Ngf6 6. Nfd2 c6 7. c4 cxd5 8.
cxd5 Qa5 9. Nc3 Nc5 10. f3 O-O 11. a3 Qd8 12. Be2 Nh5 13. b4 Nd7 14. g3 a5 15.
Nc4 b6 16. O-O Ba6 17. b5 Bb7 18. Na4 Bg5 19. f4 exf4 20. gxf4 Bf6 21. Rc1 g6
22. Nxd6 Rb8 23. Bxh5 gxh5 24. Qxh5 Bg7 25. Nf5 Nf6 26. Qg5 Ne8 27. Bxb6 Qxg5+
28. fxg5 Kh8 29. Bc5 Rg8 30. Ne7 Be5 31. Nxg8 Kxg8 32. Rf5 f6 33. gxf6 Bxf6 34.
Rcf1 Bc8 35. Rxf6 Nxf6 36. Rxf6 Bh3 37. b6 Kg7 38. Rf4 Kh6 39. Rh4+ Kg5 40.
Rxh3 h5 41. Rg3+ Kh6 42. h4 1-0

[Event "IX Weekend A"]
[Site "Catania ITA"]
[Date "2005.02.13"]
[Round "3"]
[White "Gangemi, Salvatore"]
[Black "Pierantozzi, Stanislao"]
[Result "1-0"]
[WhiteElo "2102"]
[BlackElo "1814"]
[PlyCount "93"]
[EventDate "2005.02.12"]

1. c4 e5 2. Nc3 Nc6 3. g3 Nf6 4. Bg2 Bb4 5. e3 O-O 6. Nge2 d6 7. Qc2 h6 8. O-O
Be6 9. Nd5 Bc5 10. a3 a6 11. b4 Ba7 12. Bb2 Bg4 13. d3 Rb8 14. Rfe1 Nxd5 15.
cxd5 Ne7 16. d4 f6 17. Rac1 Rc8 18. Qc4 Bd7 19. dxe5 fxe5 20. Bxe5 Bb5 21. Qb3
dxe5 22. d6+ Kh8 23. dxe7 Qxe7 24. Nc3 c6 25. Ne4 Rcd8 26. Rc3 c5 27. bxc5 Bc6
28. Qc2 Bb8 29. Qe2 Bc7 30. Rcc1 Qe6 31. Red1 Qb3 32. Qh5 Qb2 33. f4 Qxa3 34.
Rc3 Rxd1+ 35. Qxd1 Qb4 36. Qb3 Qa5 37. Nd6 Qa1+ 38. Bf1 Bxd6 39. cxd6 Bb5 40.
Rd3 Bxd3 41. Qxd3 exf4 42. gxf4 Qf6 43. Qe4 Qxd6 44. Bd3 g6 45. h4 b5 46. h5
Kg7 47. hxg6 1-0

[Event "IX Weekend A"]
[Site "Catania ITA"]
[Date "2005.02.13"]
[Round "3"]
[White "Imbraguglia, Fabio"]
[Black "Santagati, Alessandro"]
[Result "0-1"]
[WhiteElo "2036"]
[BlackElo "2107"]
[PlyCount "72"]
[EventDate "2005.02.12"]

1. d4 d5 2. c4 c6 3. cxd5 cxd5 4. Nc3 Nc6 5. Bf4 Nf6 6. e3 a6 7. Nf3 Bg4 8. Be2
e6 9. O-O Be7 10. a3 O-O 11. b4 b5 12. Rc1 Rc8 13. h3 Bh5 14. Ne5 Nxe5 15. Bxe5
Bxe2 16. Qxe2 Nd7 17. Qg4 Bf6 18. Bd6 Re8 19. Nb1 Nb6 20. Rxc8 Qxc8 21. Bc5 Nc4
22. Qe2 Be7 23. Qa2 a5 24. Rc1 Qa6 25. Qb3 axb4 26. axb4 Bg5 27. Rc2 Ra8 28.
Nc3 Qa1+ 29. Kh2 h6 30. Nxb5 Qf1 31. Ra2 Rxa2 32. Qxa2 Qe1 33. g3 Nd2 34. h4
Qxf2+ 35. Kh3 Qf1+ 36. Kg4 Qf5+ 0-1

[Event "IX Weekend A"]
[Site "Catania ITA"]
[Date "2005.02.13"]
[Round "3"]
[White "Leonardi, Alfio"]
[Black "Russo, Carmelo"]
[Result "0-1"]
[WhiteElo "1816"]
[BlackElo "1767"]
[PlyCount "78"]
[EventDate "2005.02.12"]

1. e4 c5 2. Nf3 d6 3. d4 cxd4 4. Nxd4 Nf6 5. Nc3 g6 6. Be3 Bg7 7. f3 O-O 8. Bc4
Bd7 9. Qd2 Nc6 10. O-O-O Rb8 11. Bh6 Nxd4 12. Bxg7 Kxg7 13. Qxd4 b5 14. Bb3 Qb6
15. g4 Qxd4 16. Rxd4 a5 17. g5 Ne8 18. a3 Bh3 19. Rg1 Nc7 20. Rg3 Be6 21. Bd5
b4 22. axb4 Rxb4 23. Rxb4 axb4 24. Bxe6 bxc3 25. Bb3 Nb5 26. bxc3 Nxc3 27. Kd2
Nb5 28. Ke3 Rc8 29. Ba4 Na3 30. Kd3 e5 31. Rg2 Rc4 32. Bb3 Rd4+ 33. Ke3 Nb1 34.
Re2 h6 35. h4 hxg5 36. hxg5 Nc3 37. Rd2 Nd1+ 38. Ke2 Rxd2+ 39. Kxd2 Nf2 0-1

[Event "IX Weekend A"]
[Site "Catania ITA"]
[Date "2005.02.13"]
[Round "3"]
[White "Pinton, Maurizio"]
[Black "Sardo, Gabriele"]
[Result "0-1"]
[WhiteElo "2107"]
[BlackElo "2188"]
[PlyCount "82"]
[EventDate "2005.02.12"]

1. d4 d5 2. Nc3 Nf6 3. Bg5 Nbd7 4. f3 c5 5. e4 Qb6 6. Bxf6 Nxf6 7. Bb5+ Bd7 8.
Bxd7+ Nxd7 9. Nxd5 Qa5+ 10. c3 e6 11. Ne3 cxd4 12. Qxd4 Rd8 13. b4 Qc7 14. Rd1
Be7 15. Ne2 O-O 16. Qc4 Qb6 17. Qd4 Nc5 18. bxc5 Bxc5 19. Nc4 Bxd4 20. Nxb6
Bxb6 21. c4 Rc8 22. Rc1 Rfd8 23. Rc2 Rd7 24. Nf4 Rd4 25. Ke2 Rdxc4 26. Rd2 Ba5
27. Rb2 Rc2+ 28. Rxc2 Rxc2+ 29. Kd3 Rxa2 30. Rc1 Rd2+ 31. Ke3 Rd8 32. Nd3 b5
33. Rb1 a6 34. Ne5 g6 35. Nc6 Bb6+ 36. Kf4 Rd2 37. Ke5 Kg7 38. Kf4 Rxg2 39. Ra1
f6 40. e5 f5 41. h4 h6 0-1

[Event "IX Weekend A"]
[Site "Catania ITA"]
[Date "2005.02.13"]
[Round "3"]
[White "Sileci, Salvatore"]
[Black "Casto, Corrado"]
[Result "0-1"]
[WhiteElo "1844"]
[BlackElo "2099"]
[PlyCount "66"]
[EventDate "2005.02.12"]

1. d4 d5 2. c4 dxc4 3. Nf3 Nf6 4. e3 e6 5. Bxc4 a6 6. a4 c5 7. O-O Nc6 8. Nc3
cxd4 9. exd4 Be7 10. Bg5 O-O 11. Re1 b6 12. Ne4 Nxe4 13. Bxe7 Nxe7 14. Rxe4 Bb7
15. Rg4 Nf5 16. Ne5 h5 17. Rf4 g5 18. Rxf5 exf5 19. Qxh5 Kg7 20. Nxf7 Qf6 21.
Nxg5 Rh8 22. Ne6+ Kg8 23. Nf4+ Kg7 24. Ne6+ Kg8 25. Ng5+ Kg7 26. Ne6+ Kg8 27.
Ng5+ Kf8 28. Nh7+ Rxh7 29. Qxh7 Be4 30. Re1 Rd8 31. d5 Qxb2 32. d6 Qg7 33.
Qxg7+ Kxg7 0-1

[Event "IX Weekend A"]
[Site "Catania ITA"]
[Date "2005.02.13"]
[Round "3"]
[White "Tomaselli, Maurizio"]
[Black "Seminara, Antonio"]
[Result "1/2-1/2"]
[WhiteElo "2052"]
[BlackElo "1884"]
[PlyCount "96"]
[EventDate "2005.02.12"]

1. e4 c5 2. Nf3 e6 3. d4 cxd4 4. Nxd4 Nf6 5. Nc3 Nc6 6. Nxc6 bxc6 7. e5 Nd5 8.
Ne4 f5 9. exf6 Nxf6 10. Nd6+ Bxd6 11. Qxd6 Ne4 12. Qe5 Nf6 13. Qd6 Ne4 14. Qb4
d5 15. Be3 a5 16. Qa4 O-O 17. f3 Nf6 18. O-O-O Bd7 19. Bc5 Re8 20. h4 e5 21. h5
e4 22. h6 Bf5 23. hxg7 Qc7 24. Qd4 Nd7 25. Ba3 Qe5 26. Qxe5 Nxe5 27. Be2 Ng6
28. g4 exf3 29. Bxf3 Be4 30. Rdf1 Kxg7 31. Bc5 Bxf3 32. Rxf3 Re6 33. Rfh3 Rae8
34. Rxh7+ Kf6 35. Rf1+ Kg5 36. Rf5+ Kxg4 37. Rhh5 Re1+ 38. Kd2 R1e2+ 39. Kc3
Nf4 40. Rhg5+ Kf3 41. Rg7 R8e4 42. b3 a4 43. Rfg5 d4+ 44. Kb2 axb3 45. Rg3+ Kf2
46. axb3 Rd2 47. Bd6 d3 48. Bc5+ Ke2 1/2-1/2

[Event "IX Weekend A"]
[Site "Catania ITA"]
[Date "2005.02.19"]
[Round "4"]
[White "Avola, Salvatore"]
[Black "Pinton, Maurizio"]
[Result "1-0"]
[WhiteElo "1957"]
[BlackElo "2107"]
[PlyCount "101"]
[EventDate "2005.02.12"]

1. e4 d6 2. d4 Nf6 3. Nc3 e5 4. dxe5 dxe5 5. Qxd8+ Kxd8 6. Bg5 Bd6 7. O-O-O Be6
8. Nb5 Ke7 9. f4 h6 10. Bxf6+ gxf6 11. f5 Bd7 12. Nxd6 cxd6 13. Bc4 Rc8 14. Bd5
Bc6 15. Ne2 Na6 16. Nc3 Nb4 17. Bb3 a5 18. Bd5 Nxd5 19. Nxd5+ Bxd5 20. Rxd5 Rc4
21. Rhd1 Rc6 22. Rb5 b6 23. Rd3 Rac8 24. c3 Rg8 25. g3 Rg4 26. Re3 Rc4 27. Rxb6
Rgxe4 28. Rd3 Re2 29. Rb7+ Ke8 30. Rxd6 Rxh2 31. Rxf6 Re4 32. Rd6 Re1+ 33. Rd1
Ree2 34. f6 Rc2+ 35. Kb1 Rcd2 36. Rxd2 Rxd2 37. Re7+ Kf8 38. Rxe5 Rf2 39. Rxa5
Rxf6 40. Re5 Rf3 41. g4 Rf4 42. Rh5 Kg7 43. g5 hxg5 44. Rxg5+ Kh6 45. Rg8 f5
46. b4 Rf2 47. b5 Re2 48. a4 f4 49. b6 Re6 50. a5 Rf6 51. b7 1-0

[Event "IX Weekend A"]
[Site "Catania ITA"]
[Date "2005.02.19"]
[Round "4"]
[White "Casto, Corrado"]
[Black "Imbraguglia, Fabio"]
[Result "1/2-1/2"]
[WhiteElo "2099"]
[BlackElo "2036"]
[PlyCount "54"]
[EventDate "2005.02.12"]

1. d4 Nf6 2. c4 e6 3. Nc3 d5 4. Bg5 Nbd7 5. Nf3 c6 6. e3 Be7 7. Qc2 O-O 8.
O-O-O Qa5 9. h4 dxc4 10. Bxc4 b5 11. Bd3 Bb4 12. Ne5 Bxc3 13. bxc3 Nxe5 14.
dxe5 Nd5 15. Bxh7+ Kh8 16. Rxd5 cxd5 17. h5 Ba6 18. Be7 Rfc8 19. Kb2 Qa4 20.
Qxa4 bxa4 21. Bc2 Rab8+ 22. Bb4 Bc4 23. Ka3 Bxa2 24. h6 Rb7 25. hxg7+ Kxg7 26.
Rh7+ Kg8 27. Rh3 Bb3 1/2-1/2

[Event "IX Weekend A"]
[Site "Catania ITA"]
[Date "2005.02.19"]
[Round "4"]
[White "Meli, Massimo"]
[Black "Sileci, Salvatore"]
[Result "1/2-1/2"]
[WhiteElo "1907"]
[BlackElo "1844"]
[PlyCount "135"]
[EventDate "2005.02.12"]

1. e4 c5 2. Nf3 d6 3. Nc3 Nf6 4. Be2 Nc6 5. d3 g6 6. Be3 Bg7 7. h3 O-O 8. Qd2
a6 9. Bh6 b5 10. Bxg7 Kxg7 11. g4 Be6 12. g5 Nd7 13. h4 Nde5 14. h5 Nxf3+ 15.
Bxf3 Nd4 16. Bd1 b4 17. Nd5 Bxd5 18. exd5 e6 19. c3 bxc3 20. bxc3 Nf5 21. dxe6
fxe6 22. Bb3 d5 23. hxg6 hxg6 24. Qe2 Qd6 25. Bc2 Ng3 26. fxg3 Qxg3+ 27. Kd1
Rf2 28. Qe1 Qf3+ 29. Kc1 Qf4+ 30. Kb1 Rb8+ 31. Bb3 c4 32. Qxe6 Rf1+ 33. Rxf1
Qxf1+ 34. Kb2 Qf2+ 35. Kc1 Qf4+ 36. Kd1 cxb3 37. axb3 Qf1+ 38. Kd2 Qxa1 39.
Qe5+ Kf7 40. Qxd5+ Ke7 41. Qe5+ Kf7 42. Qxb8 Qb2+ 43. Ke3 Qc1+ 44. Kd4 Qg1+ 45.
Kc4 Qxg5 46. Qc7+ Kg8 47. Qc8+ Kf7 48. Qd7+ Kf8 49. Qd6+ Kg7 50. Qxa6 Qf4+ 51.
Kb5 Qe5+ 52. Kb4 Qe7+ 53. Kc4 Qf7+ 54. Kb4 Qe7+ 55. Ka4 Qd7+ 56. Ka3 Qe7+ 57.
b4 Qe1 58. Qb7+ Kh6 59. Kb3 Qd1+ 60. Kc4 Qg4+ 61. Qe4 Qc8+ 62. Kb3 Qg8+ 63. c4
Qf7 64. b5 Qf1 65. d4 Qd1+ 66. Kb4 Qd2+ 67. Kc5 Qg5+ 68. Qe5 1/2-1/2

[Event "IX Weekend A"]
[Site "Catania ITA"]
[Date "2005.02.19"]
[Round "4"]
[White "Rosolia, Giuseppe"]
[Black "Tricomi, Massimo"]
[Result "1/2-1/2"]
[WhiteElo "1846"]
[BlackElo "1953"]
[PlyCount "134"]
[EventDate "2005.02.12"]

1. d4 d5 2. Nf3 c6 3. c4 Nf6 4. cxd5 cxd5 5. Qc2 g6 6. Bf4 Bf5 7. Qb3 Bc8 8.
Nc3 a6 9. e3 Bg7 10. Bxb8 Rxb8 11. Bxa6 O-O 12. Be2 Qa5 13. O-O Bg4 14. h3 Be6
15. Rac1 Ne4 16. Qb5 Qxb5 17. Nxb5 Ra8 18. a3 Bd7 19. Nc7 Ra5 20. b4 Rxa3 21.
Nxd5 e6 22. Nb6 Bc6 23. b5 Nc3 24. Bc4 Nxb5 25. d5 exd5 26. Nxd5 Bxd5 27. Bxd5
Nc3 28. Bc4 b5 29. Rxc3 Rxc3 30. Bxb5 Rb8 31. Bd7 Rcb3 32. Ba4 Rb1 33. Rxb1
Rxb1+ 34. Kh2 Kf8 35. g3 Ke7 36. Kg2 Rb2 37. g4 Rb1 38. Bc6 h6 39. Nh4 Rc1 40.
Bd5 Bc3 41. f4 Rc2+ 42. Kf3 Be1 43. Ng2 Rf2+ 44. Kg3 Rd2+ 45. Nxe1 Rxd5 46. h4
Kd6 47. Nf3 Rd3 48. Kf2 Ra3 49. Nd4 Kd5 50. Kf3 Ra2 51. f5 Ra1 52. fxg6 fxg6
53. h5 g5 54. Nf5 Ra6 55. Ne7+ Ke5 56. Nf5 Rf6 57. Ke2 Ke4 58. Ng3+ Kd5 59. Nf5
Kc4 60. Kf3 Kd3 61. Kf2 Ke4 62. Kg3 Rxf5 63. gxf5 Kxf5 64. Kf3 g4+ 65. Kg3 Kg5
66. e4 Kxh5 67. e5 Kg5 1/2-1/2

[Event "IX Weekend A"]
[Site "Catania ITA"]
[Date "2005.02.19"]
[Round "4"]
[White "Russo, Alfio"]
[Black "Tomaselli, Maurizio"]
[Result "0-1"]
[WhiteElo "1962"]
[BlackElo "2052"]
[PlyCount "69"]
[EventDate "2005.02.12"]

1. Nf3 Nf6 2. d4 e6 3. c4 b6 4. Bg5 Bb7 5. e3 d5 6. Nbd2 Nbd7 7. Bd3 h6 8. Bh4
Be7 9. O-O O-O 10. Qe2 Ne4 11. Bxe7 Qxe7 12. Rfc1 c5 13. Bxe4 dxe4 14. Ne1 f5
15. g3 Nf6 16. Nb3 Rac8 17. Ng2 g5 18. h4 Rf7 19. a4 Rg7 20. a5 Ng4 21. axb6
axb6 22. Ra7 Rc7 23. Rd1 gxh4 24. Nxh4 Nxe3 25. Qxe3 Qxh4 26. Kf1 Qg4 27. Ke1
Qg5 28. Qxg5 hxg5 29. dxc5 bxc5 30. Rd6 Rge7 31. Ra5 f4 32. Nxc5 Kf7 33. b4 Kf6
34. Ra7 e3 35. Rb6 {...} 0-1

[Event "IX Weekend A"]
[Site "Catania ITA"]
[Date "2005.02.19"]
[Round "4"]
[White "Russo, Carmelo"]
[Black "Gangemi, Salvatore"]
[Result "0-1"]
[WhiteElo "1767"]
[BlackElo "2102"]
[PlyCount "86"]
[EventDate "2005.02.12"]

1. Nf3 Nf6 2. g3 g6 3. b4 Bg7 4. Bb2 d6 5. Bg2 O-O 6. O-O c6 7. d3 Qb6 8. a3 c5
9. Qd2 a5 10. c4 axb4 11. axb4 Rxa1 12. Bxa1 cxb4 13. Qa2 Nc6 14. Nbd2 Bd7 15.
Rb1 Qa6 16. Qxa6 bxa6 17. Nb3 a5 18. Nfd4 Nxd4 19. Bxd4 a4 20. Na5 b3 21. Nxb3
axb3 22. Rxb3 Ng4 23. Ba7 Ne5 24. Rb7 Bc6 25. Rxe7 Bxg2 26. Kxg2 Nc6 27. Rb7
Nxa7 28. Rxa7 Re8 29. e3 Rb8 30. Ra6 Bf8 31. Rc6 Kg7 32. d4 Rb2 33. h4 h5 34.
Rc7 Rc2 35. Kf3 Rd2 36. Kg2 Kf6 37. c5 dxc5 38. dxc5 Rc2 39. c6 Ke6 40. Rc8 Bd6
41. e4 Be5 42. Re8+ Kd6 43. c7 Rxc7 0-1

[Event "IX Weekend A"]
[Site "Catania ITA"]
[Date "2005.02.19"]
[Round "4"]
[White "Sardo, Gabriele"]
[Black "Santagati, Alessandro"]
[Result "1-0"]
[WhiteElo "2188"]
[BlackElo "2107"]
[PlyCount "91"]
[EventDate "2005.02.12"]

1. d4 d5 2. c4 c6 3. Nf3 Nf6 4. Nc3 e6 5. Bg5 Be7 6. e3 O-O 7. Bd3 Nbd7 8. O-O
dxc4 9. Bxc4 b5 10. Bd3 a6 11. Qc2 g6 12. Bxf6 Nxf6 13. Ne4 Qb6 14. Rfc1 Bb7
15. Ne5 Rfc8 16. Nxf6+ Bxf6 17. Nd7 Qd8 18. Nxf6+ Qxf6 19. Qc5 Rc7 20. Qb6 Qe7
21. Rc5 Qd6 22. a4 Rd7 23. h3 Rc8 24. Rac1 bxa4 25. Ra1 Qe7 26. Qb4 Rb8 27.
Rxa4 Bc8 28. Qc3 Rb6 29. e4 Bb7 30. e5 Qd8 31. Be4 Ba8 32. Rac4 Kg7 33. g3 Qb8
34. b4 Qd8 35. Kg2 Qb8 36. h4 h5 37. Bxc6 Rxc6 38. Rxc6 Qd8 39. Kh2 Bxc6 40.
Rxc6 Rxd4 41. Rd6 Rxd6 42. exd6+ Kh7 43. Qc7 Qf6 44. Kg1 Qe5 45. Qxf7+ Kh8 46.
d7 1-0

[Event "IX Weekend A"]
[Site "Catania ITA"]
[Date "2005.02.19"]
[Round "4"]
[White "Seminara, Antonio"]
[Black "Pierantozzi, Stanislao"]
[Result "0-1"]
[WhiteElo "1884"]
[BlackElo "1814"]
[PlyCount "84"]
[EventDate "2005.02.12"]

1. d4 d5 2. Bg5 h6 3. Bh4 Bf5 4. e3 Nd7 5. Bd3 Bxd3 6. Qxd3 Ngf6 7. Nd2 e6 8.
Ngf3 Be7 9. O-O O-O 10. c4 c5 11. Rac1 cxd4 12. Nxd4 Nc5 13. Qb1 Nfe4 14. Bxe7
Qxe7 15. Nxe4 Nxe4 16. Rfd1 Qh4 17. Qc2 Rac8 18. Nf3 Qf6 19. Qb3 Nc5 20. Qa3
Ne4 21. cxd5 Rxc1 22. Rxc1 exd5 23. Qb3 b6 24. h3 Nc5 25. Qc3 Qf5 26. b4 Ne6
27. Nd4 Nxd4 28. Qxd4 Re8 29. b5 Qd7 30. Rc6 Re4 31. Qd3 f5 32. Qc3 Re7 33. a4
Kh7 34. a5 bxa5 35. Qxa5 d4 36. exd4 Qxd4 37. b6 Re5 38. b7 Rxa5 39. b8=Q Ra1+
40. Kh2 Qxf2 41. Qe8 Qf4+ 42. g3 Qf2# 0-1

[Event "IX Weekend A"]
[Site "Catania ITA"]
[Date "2005.02.20"]
[Round "5"]
[White "Gangemi, Salvatore"]
[Black "Sardo, Gabriele"]
[Result "0-1"]
[WhiteElo "2102"]
[BlackElo "2188"]
[PlyCount "108"]
[EventDate "2005.02.12"]

1. c4 c6 2. Nf3 d5 3. cxd5 cxd5 4. d4 Nf6 5. Nc3 Nc6 6. Qc2 a6 7. Bg5 g6 8.
Bxf6 exf6 9. Qb3 Be6 10. e3 Be7 11. h4 O-O 12. Bd3 Rc8 13. h5 Na5 14. Qc2 Kg7
15. Nh4 f5 16. h6+ Kg8 17. Nxf5 gxf5 18. Bxf5 Kh8 19. Bxh7 Nc4 20. Bf5 Bb4 21.
Bxe6 fxe6 22. a3 Nxa3 23. Qb3 Bxc3+ 24. bxc3 Nb5 25. Rc1 Rxc3 26. Rxc3 Qa5 27.
O-O Qxc3 28. Qb1 Qc7 29. Qg6 Qf7 30. Qxf7 Rxf7 31. g4 Kh7 32. g5 Rc7 33. Kg2
Kg6 34. Rh1 Nd6 35. f4 b5 36. Kf3 a5 37. Kg4 b4 38. Rb1 Rb7 39. Rc1 b3 40. Rc6
b2 41. Rxd6 b1=Q 42. Rxe6+ Kh7 43. f5 a4 44. Kh5 Qd1+ 45. Kh4 a3 46. Re8 Qh1+
47. Kg4 Qg2+ 48. Kf4 a2 49. g6+ Kxh6 50. Rh8+ Kg7 51. Rh7+ Kf6 52. Rxb7 Qe4+
53. Kg3 Qxe3+ 54. Kg4 Qxd4+ 0-1

[Event "IX Weekend A"]
[Site "Catania ITA"]
[Date "2005.02.20"]
[Round "5"]
[White "Meli, Massimo"]
[Black "Leonardi, Alfio"]
[Result "1-0"]
[WhiteElo "1907"]
[BlackElo "1816"]
[PlyCount "55"]
[EventDate "2005.02.12"]

1. e4 c5 2. Nf3 d6 3. Nc3 g6 4. d4 cxd4 5. Nxd4 Bg7 6. Be3 Nc6 7. Bb5 Bd7 8.
O-O Nf6 9. h3 a6 10. Nxc6 Bxc6 11. Bxc6+ bxc6 12. Qd2 O-O 13. Bh6 Qb6 14. Bxg7
Kxg7 15. Rab1 Rfd8 16. Kh1 Qb4 17. Qe3 c5 18. Rfd1 Rab8 19. f4 e6 20. e5 dxe5
21. Qxe5 Rxd1+ 22. Rxd1 Qxb2 23. Rb1 Qxb1+ 24. Nxb1 Rxb1+ 25. Kh2 Rd1 26. Qxc5
Nd5 27. c4 Rc1 28. Qd4+ 1-0

[Event "IX Weekend A"]
[Site "Catania ITA"]
[Date "2005.02.20"]
[Round "5"]
[White "Pierantozzi, Stanislao"]
[Black "Casto, Corrado"]
[Result "0-1"]
[WhiteElo "1814"]
[BlackElo "2099"]
[PlyCount "42"]
[EventDate "2005.02.12"]

1. d4 Nf6 2. c4 e6 3. Nf3 c5 4. d5 b5 5. dxe6 fxe6 6. cxb5 Bb7 7. e3 d5 8. Be2
Bd6 9. O-O Nbd7 10. b3 O-O 11. Bb2 Qc7 12. Nbd2 Rae8 13. Rc1 Ne4 14. h3 Ndf6
15. a4 Nh5 16. Nxe4 dxe4 17. Nd4 Bh2+ 18. Kh1 Rxf2 19. Rxf2 Ng3+ 20. Kxh2 Nf1+
21. Kg1 Qh2+ 0-1

[Event "IX Weekend A"]
[Site "Catania ITA"]
[Date "2005.02.20"]
[Round "5"]
[White "Pinton, Maurizio"]
[Black "Russo, Carmelo"]
[Result "1-0"]
[WhiteElo "2107"]
[BlackElo "1767"]
[PlyCount "40"]
[EventDate "2005.02.12"]

1. d4 Nf6 2. Bg5 d5 3. Nc3 Nc6 4. Nf3 Bg4 5. e3 Ne4 6. Bf4 g5 7. Bg3 Nxg3 8.
hxg3 e6 9. Qd2 Qf6 10. Be2 O-O-O 11. Ne5 h5 12. Nxf7 Bxe2 13. Nxd8 Bb4 14. Nxc6
Bxc3 15. Nxa7+ Kb8 16. Qxc3 Rf8 17. f4 Bc4 18. b3 gxf4 19. gxf4 Be2 20. Kxe2
Qg6 1-0

[Event "IX Weekend A"]
[Site "Catania ITA"]
[Date "2005.02.20"]
[Round "5"]
[White "Santagati, Alessandro"]
[Black "Avola, Salvatore"]
[Result "1/2-1/2"]
[WhiteElo "2107"]
[BlackElo "1957"]
[PlyCount "73"]
[EventDate "2005.02.12"]

1. d4 d5 2. c4 Bf5 3. Nc3 e6 4. Nf3 Nc6 5. c5 Nf6 6. Qa4 Nd7 7. Bf4 a6 8. e3
Be7 9. Be2 O-O 10. O-O f6 11. Nh4 Bg6 12. Nxg6 hxg6 13. Bg3 f5 14. b4 Bh4 15.
Qb3 Bxg3 16. hxg3 Kf7 17. f3 Rh8 18. Kf2 Qf6 19. Rad1 f4 20. gxf4 Rh2 21. Rg1
Qh4+ 22. Kf1 Qg3 23. Bd3 Rah8 24. Ne2 Qh4 25. Qb1 Ne7 26. a4 Nf6 27. g3 Qh3+
28. Ke1 Nh5 29. Qc1 Rg2 30. Kd2 Qxg3 31. Rdf1 Nf5 32. Kc3 Qh3 33. Rh1 Rh2 34.
Bxf5 gxf5 35. Rxh2 Qxh2 36. Qe1 Rh6 37. Qf2 1/2-1/2

[Event "IX Weekend A"]
[Site "Catania ITA"]
[Date "2005.02.20"]
[Round "5"]
[White "Sileci, Salvatore"]
[Black "Rosolia, Giuseppe"]
[Result "0-1"]
[WhiteElo "1844"]
[BlackElo "1846"]
[PlyCount "73"]
[EventDate "2005.02.12"]

1. d4 Nf6 2. c4 g6 3. Nc3 Bg7 4. e4 d6 5. f3 O-O 6. Bg5 c5 7. d5 Qa5 8. Qd2 a6
9. Bd3 e6 10. Nge2 exd5 11. cxd5 b5 12. O-O Nbd7 13. a4 b4 14. Nd1 Ne5 15. Ne3
Bd7 16. Nc4 Nxc4 17. Bxc4 h5 18. Bh6 Qd8 19. Bxg7 Kxg7 20. b3 Nh7 21. f4 Qe7
22. Qb2+ f6 23. Bd3 Kg8 24. e5 fxe5 25. Bxg6 exf4 26. Bxh5 Ng5 27. Rae1 Qe3+
28. Kh1 f3 29. Bxf3 Nxf3 30. gxf3 Kh7 31. Ng3 Qf4 32. Re4 Qf7 33. Rh4+ Kg6 34.
Qe2 Bf5 35. Nxf5 Qxf5 36. Rg1+ Kf6 37. Rh6+ {...} 0-1

[Event "IX Weekend A"]
[Site "Catania ITA"]
[Date "2005.02.20"]
[Round "5"]
[White "Tomaselli, Maurizio"]
[Black "Imbraguglia, Fabio"]
[Result "1/2-1/2"]
[WhiteElo "2052"]
[BlackElo "2036"]
[PlyCount "83"]
[EventDate "2005.02.12"]

1. e4 b6 2. d4 e6 3. Nf3 Bb7 4. Bd3 d5 5. e5 c5 6. c3 Ne7 7. Bg5 h6 8. Bh4 Nbc6
9. g4 g5 10. Bg3 Ng6 11. h4 Bg7 12. Bxg6 fxg6 13. hxg5 hxg5 14. Rxh8+ Bxh8 15.
Qd3 Kd7 16. Qxg6 Qg8 17. Qd3 a5 18. dxc5 Ba6 19. Qc2 bxc5 20. Nbd2 a4 21. O-O-O
Ke7 22. Rh1 a3 23. Qh7+ Bg7 24. bxa3 Qxh7 25. Rxh7 Kf7 26. Nxg5+ Kg6 27. Rxg7+
Kxg7 28. Nxe6+ Kf7 29. Nxc5 Be2 30. f3 Rxa3 31. Kb2 Ra7 32. e6+ Ke8 33. g5 d4
34. cxd4 Nxd4 35. Bd6 Nxf3 36. Nde4 Bc4 37. Nf6+ Kd8 38. e7+ Rxe7 39. Bxe7+
Kxe7 40. Nfe4 Nxg5 41. a3 Nxe4 42. Nxe4 1/2-1/2

[Event "IX Weekend A"]
[Site "Catania ITA"]
[Date "2005.02.20"]
[Round "5"]
[White "Tricomi, Massimo"]
[Black "Seminara, Antonio"]
[Result "1-0"]
[WhiteElo "1953"]
[BlackElo "1884"]
[PlyCount "39"]
[EventDate "2005.02.12"]

1. Nf3 Nf6 2. c4 g6 3. Nc3 Bg7 4. e4 d6 5. d4 O-O 6. Be2 e5 7. dxe5 dxe5 8.
Qxd8 Rxd8 9. Bg5 c6 10. Nxe5 Re8 11. f4 Nxe4 12. Nxe4 Bxe5 13. fxe5 Rxe5 14.
Nf6+ Kg7 15. Bh4 Na6 16. Rd1 g5 17. Bf2 Kg6 18. Bd4 Re7 19. Kf2 Bf5 20. Rhe1
1-0

[Event "IX Weekend A"]
[Site "Catania ITA"]
[Date "2005.02.20"]
[Round "6"]
[White "Avola, Salvatore"]
[Black "Gangemi, Salvatore"]
[Result "0-1"]
[WhiteElo "1957"]
[BlackElo "2102"]
[PlyCount "83"]
[EventDate "2005.02.12"]

1. e4 e6 2. d3 c5 3. Nd2 Nc6 4. f4 Qc7 5. g3 b6 6. Bg2 Bb7 7. Ne2 h5 8. c3 Be7
9. Qc2 Rc8 10. b3 Ba6 11. Bb2 Nf6 12. Bh3 d5 13. Rf1 d4 14. a3 dxc3 15. Qxc3
Qd7 16. Rf3 Rd8 17. Nc4 Nd4 18. Re3 Qb5 19. Nc1 O-O 20. Kf2 Rfe8 21. Ne5 Bf8
22. g4 Bd6 23. Rg3 Bxe5 24. fxe5 Nd7 25. Qd2 Nxe5 26. a4 Qd7 27. Bf1 Qe7 28. g5
Rf8 29. Qf4 Ng6 30. Qg4 f5 31. exf5 Rxf5+ 32. Kg1 Ne5 33. Qxh5 Nef3+ 34. Kh1
Rxg5 35. Rxg5 Nxg5 36. Ne2 Bb7+ 37. Kg1 Ngf3+ 38. Kf2 Qf6 39. Kg3 Rf8 40. Bxd4
Nxd4 41. Nxd4 cxd4 42. Ra2 0-1

[Event "IX Weekend A"]
[Site "Catania ITA"]
[Date "2005.02.20"]
[Round "6"]
[White "Imbraguglia, Fabio"]
[Black "Pierantozzi, Stanislao"]
[Result "0-1"]
[WhiteElo "2036"]
[BlackElo "1814"]
[PlyCount "72"]
[EventDate "2005.02.12"]

1. Nf3 Nf6 2. g3 d5 3. Bg2 Bf5 4. d3 e6 5. O-O Bd6 6. Nbd2 O-O 7. Nh4 Bg6 8.
Nxg6 hxg6 9. e4 Nbd7 10. h3 c6 11. f4 e5 12. f5 gxf5 13. Rxf5 g6 14. Rf1 Kg7
15. c4 Bc5+ 16. Kh2 dxe4 17. Nxe4 Nxe4 18. dxe4 Bd4 19. Qf3 Qe7 20. h4 Rh8 21.
Bh3 Rh7 22. Bg5 f6 23. Bd2 Rf8 24. Rad1 b6 25. b4 Rf7 26. a4 Nf8 27. Qb3 g5 28.
hxg5 fxg5 29. g4 Ne6 30. Rf5 Nf4 31. Bxf4 gxf4 32. a5 Rf6 33. Rf1 Rg6 34. Kg2
Qh4 35. axb6 Rxg4+ 36. Kh2 Rg3 0-1